Ciudad a provincia - Cataluña - Estadísticas

Estadísticas generales
  • Esta prueba ha sido intentada 277 veces
  • La puntuación promedio es 13 de 18
Estadísticas de respuestas
Hint Respuesta % Correcto
Hospitalet de Llobregat / l'Hospitalet de Llobregat Barcelona
97%
Badalona Barcelona
96%
Sabadell Barcelona
95%
Mataró Barcelona
91%
Tarrasa / Terrassa Barcelona
91%
Viella y Medio Arán / Viella i Mitjaran / Vielha e Mijaran Lérida / Lleida
84%
Figueras / Figueres Gerona / Girona
83%
Cadaqués Gerona / Girona
79%
Salou Tarragona
79%
Reus Tarragona
78%
Blanes Gerona / Girona
76%
Cambrils Tarragona
73%
Vendrell / El Vendrell Tarragona
67%
Balaguer Lérida / Lleida
62%
Ripoll Gerona / Girona
58%
Salt Gerona / Girona
58%
Tárrega / Tàrrega Lérida / Lleida
53%
Rajadell Barcelona
19%
No se encontraron pruebas coincidentes
Distribución de puntuación
Porcentaje de gente con cada puntuación
Porcentaje por número respondido
Historial de tus puntuaciones
No has intentado esta prueba.